La sociedad opresora
Bewaard in:
| Hoofdauteur: | |
|---|---|
| Formaat: | Boek |
| Taal: | Spaans |
| Gepubliceerd in: |
Caracas
Tiempo Nuevo
1970
|
| Onderwerpen: | |
| Tags: |
Voeg label toe
Geen labels, Wees de eerste die dit record labelt!
|
MARC
| LEADER | 00000nam a2200000 a 4500 | ||
|---|---|---|---|
| 001 | UCX4389 | ||
| 003 | CL-VaPUC | ||
| 008 | 920430e19700000VE |||||||||||||||||spa|d | ||
| 082 | 0 | 4 | |a 301 |b MAR |2 21 |
| 100 | |a Marcuse, Herbert |e autor |9 329251 | ||
| 245 | 1 | 3 | |a La sociedad opresora |
| 300 | |a 197 p | ||
| 942 | |c BK | ||
| 945 | |d 19920430 00:00:00 | ||
| 260 | |a Caracas |b Tiempo Nuevo |c 1970 | ||
| 650 | 0 | |a Sociología |9 255410 | |
| 583 | |a last modification |c 19920430 00:00:00 |k Rodrigo Vera | ||
| 999 | |c 224855 |d 224853 | ||